[Event "Bhopal op"]
[Site "Bhopal"]
[Date "2018.12.23"]
[Round "4"]
[White "Purushothaman, Thirumalai"]
[Black "Tran, Tuan Minh"]
[Result "0-1"]
[WhiteElo "2169"]
[BlackElo "2524"]
[PlyCount "56"]
[EventDate "2018.12.21"]
[EventType "swiss"]
[EventRounds "10"]
[EventCountry "IND"]
[SourceTitle "CBM 188 Extra"]
[Source "ChessBase"]
[SourceDate "2019.02.26"]
[SourceVersion "1"]
[SourceVersionDate "2019.02.26"]
[SourceQuality "1"]

1. d4 Nf6 2. c4 e6 3. Nf3 b6 4. Nc3 Bb4 5. Bg5 h6 6. Bh4 g5 7. Bg3 Ne4 8. Qc2 Bb7 9. Nd2 f5 10. f3 Nxg3 11. hxg3 Bd6 12. g4 Nc6 13. 0-0-0 Nxd4 14. Qd3 Qf6 15. gxf5 Nxf5 16. Nce4 Qe7 17. g4 Nh4 18. Nxd6+ Qxd6 19. Qe3 Rf8 20. Rxh4 gxh4 21. Qxh6 0-0-0 22. Qxh4 Qf4 23. Qe7 c5 24. Kc2 Rf7 25. Qh4 d5 26. cxd5 Qa4+ 27. Kc1 Bxd5 28. e4 Bxa2 0-1

[Event "Barcelona Sants op 19th"]
[Site "Barcelona"]
[Date "2017.08.25"]
[Round "8"]
[White "Purushothaman, Thirumalai"]
[Black "Brink, Barry"]
[Result "0-1"]
[WhiteElo "2005"]
[BlackElo "2339"]
[PlyCount "58"]
[EventDate "2017.08.18"]
[EventType "swiss"]
[EventRounds "10"]
[EventCountry "ESP"]
[SourceTitle "CBM 180 Extra"]
[Source "ChessBase"]
[SourceDate "2017.10.06"]
[SourceVersion "1"]
[SourceVersionDate "2017.10.06"]
[SourceQuality "1"]

1. d4 Nf6 2. c4 e6 3. Nf3 d5 4. Nc3 dxc4 5. e4 Bb4 6. Bg5 c5 7. Bxc4 cxd4 8. Nxd4 Bxc3+ 9. bxc3 Qa5 10. Bb5+ Nbd7 11. Bxf6 Qxc3+ 12. Kf1 gxf6 13. h4 a6 14. Rh3 Qc5 15. Rc1 Qe7 16. Rhc3 Qd8 17. Qh5 0-0 18. Rg3+ Kh8 19. Qh6 Rg8 20. Rxg8+ Qxg8 21. Bxd7 Bxd7 22. Rc7 Qd8 23. h5 Qxc7 24. Qxf6+ Kg8 25. h6 Kf8 26. Qh8+ Ke7 27. Qxa8 Qc1+ 28. Ke2 Qc4+ 29. Kf3 Qxd4 0-1

[Event "Barcelona Sants op 19th"]
[Site "Barcelona"]
[Date "2017.08.22"]
[Round "5"]
[White "Pogorelov, Ruslan"]
[Black "Purushothaman, Thirumalai"]
[Result "1-0"]
[WhiteElo "2348"]
[BlackElo "2005"]
[PlyCount "113"]
[EventDate "2017.08.18"]
[EventType "swiss"]
[EventRounds "10"]
[EventCountry "ESP"]
[SourceTitle "CBM 180 Extra"]
[Source "ChessBase"]
[SourceDate "2017.10.06"]
[SourceVersion "1"]
[SourceVersionDate "2017.10.06"]
[SourceQuality "1"]

1. c4 c5 2. Nf3 Nf6 3. Nc3 d5 4. cxd5 Nxd5 5. d4 Nxc3 6. bxc3 g6 7. e3 Bg7 8. Bb5+ Bd7 9. a4 0-0 10. 0-0 cxd4 11. cxd4 Nc6 12. Rb1 Bf5 13. Bd3 Bxd3 14. Qxd3 Qd7 15. Qb5 Rab8 16. d5 Ne5 17. Qxd7 Nxd7 18. Ba3 Rfe8 19. Rfc1 Nb6 20. Rc7 Nxd5 21. Rcxb7 Rxb7 22. Rxb7 a6 23. g3 Rc8 24. Bxe7 Rc1+ 25. Kg2 Nxe7 26. Rxe7 Ra1 27. Ra7 Rxa4 28. Ng5 Ra2 29. Ra8+ Bf8 30. Nxh7 Kxh7 31. Rxf8 Kg7 32. Ra8 a5 33. g4 a4 34. h4 a3 35. Ra5 Ra1 36. h5 gxh5 37. Rxh5 Ra2 38. Ra5 Ra1 39. Kg3 Ra2 40. Ra6 Ra1 41. e4 Ra2 42. e5 Ra1 43. Kf4 Ra2 44. f3 Ra1 45. Kf5 a2 46. f4 Kh7 47. Kg5 Kg7 48. Ra7 Kg8 49. f5 Re1 50. Rxa2 Rxe5 51. Kh6 Re8 52. f6 Kh8 53. Ra7 Kg8 54. g5 Rb8 55. g6 Rf8 56. Re7 Ra8 57. gxf7+ 1-0

[Event "Sant Adria de Besos op 1st"]
[Site "Sant Adria de Besos"]
[Date "2017.08.11"]
[Round "1"]
[White "Purushothaman, Thirumalai"]
[Black "Chueca Forcen, Alberto"]
[Result "0-1"]
[WhiteElo "2005"]
[BlackElo "2361"]
[PlyCount "58"]
[EventDate "2017.08.11"]
[EventType "swiss"]
[EventRounds "9"]
[EventCountry "ESP"]
[SourceTitle "EXT 2019"]
[Source "ChessBase"]
[SourceDate "2018.10.10"]
[SourceVersion "1"]
[SourceVersionDate "2018.10.10"]
[SourceQuality "1"]

1. d4 d5 2. c4 dxc4 3. Nf3 c5 4. e4 cxd4 5. Bxc4 Nc6 6. 0-0 e6 7. Nbd2 Bc5 8. Nb3 Bb6 9. Bb5 Bd7 10. Bg5 Nge7 11. Re1 f6 12. Bh4 e5 13. Qd2 0-0 14. Rac1 Be6 15. Nc5 Bxc5 16. Rxc5 Qb6 17. Rec1 Bxa2 18. b4 Be6 19. Ne1 a5 20. Bxc6 Nxc6 21. b5 Nb4 22. Nd3 Nxd3 23. Qxd3 Rac8 24. Rxc8 Rxc8 25. Rxc8+ Bxc8 26. f4 Be6 27. fxe5 fxe5 28. Qa3 d3+ 29. Bf2 Qxb5 0-1

[Event "Mumbai Mayors Cup 6th"]
[Site "Mumbai"]
[Date "2013.06.01"]
[Round "5"]
[White "Purushothaman, Thirumalai"]
[Black "Gjergji, Rozana"]
[Result "1-0"]
[WhiteElo "2293"]
[BlackElo "1938"]
[PlyCount "47"]
[EventDate "2013.05.29"]
[EventType "swiss"]
[EventRounds "11"]
[EventCountry "IND"]
[SourceTitle "CBM 154 Extra"]
[Source "ChessBase"]
[SourceDate "2013.06.25"]
[SourceVersion "2"]
[SourceVersionDate "2013.06.25"]
[SourceQuality "1"]

1. Nf3 d5 2. c4 c6 3. d4 Bf5 4. Nc3 Nf6 5. cxd5 cxd5 6. Qb3 Qb6 7. Bf4 Qxb3 8. axb3 Nc6 9. e3 e6 10. Bb5 Bb4 11. Ne5 0-0 12. Bxc6 bxc6 13. Nxc6 Bxc3+ 14. bxc3 Bd3 15. f3 a6 16. Ne5 Bb5 17. c4 dxc4 18. bxc4 Be8 19. Bg5 a5 20. Kd2 Bb5 21. Bxf6 gxf6 22. Ng4 Kg7 23. e4 Bd7 24. Ne3 1-0

[Event "Commonwealth-ch"]
[Site "Chennai"]
[Date "2012.11.29"]
[Round "9"]
[White "Rathnakaran, Kantholi"]
[Black "Purushothaman, Thirumalai"]
[Result "1/2-1/2"]
[WhiteElo "2430"]
[BlackElo "2286"]
[PlyCount "128"]
[EventDate "2012.11.23"]
[EventType "swiss"]
[EventRounds "11"]
[EventCountry "IND"]
[SourceTitle "CBM 151 Extra"]
[Source "ChessBase"]
[SourceDate "2012.12.18"]
[SourceVersion "1"]
[SourceVersionDate "2012.12.18"]
[SourceQuality "1"]

1. e4 c5 2. Nf3 d6 3. c3 Nf6 4. Be2 g6 5. 0-0 Bg7 6. Re1 0-0 7. Bf1 Nc6 8. d3 e5 9. Nbd2 Re8 10. a4 h6 11. Nc4 d5 12. exd5 Nxd5 13. a5 Rb8 14. Qa4 Bd7 15. Qb3 Qc7 16. Nfd2 b5 17. axb6 axb6 18. Ne4 Be6 19. Ned6 Red8 20. Nb5 Qd7 21. Bd2 Nc7 22. Nxc7 Qxc7 23. Qc2 b5 24. Ne3 f5 25. g3 Na5 26. c4 Nc6 27. Bg2 Nd4 28. Qd1 bxc4 29. Ba5 Qf7 30. Bxd8 Rxd8 31. dxc4 f4 32. Nd5 f3 33. Bf1 Bxd5 34. cxd5 Qxd5 35. Qa4 Kh7 36. Rac1 e4 37. Qc4 Qxc4 38. Rxc4 Rb8 39. Rxc5 Rxb2 40. Rc7 e3 41. Rxe3 Rb1 42. h4 Ne2+ 43. Kh2 Rxf1 44. Rxf3 Nd4 45. Rf6 h5 46. Kg2 Ra1 47. Rd7 Ra2 48. Rff7 Nf5 49. Ra7 Re2 50. Kf3 Re6 51. Kg2 Kg8 52. Rfd7 Bf8 53. Ra8 Ne7 54. Rdd8 Rf6 55. Re8 Kg7 56. Ra7 Kf7 57. Rb8 Bg7 58. Rb3 Rc6 59. Re3 Bf6 60. Re2 Kf8 61. Ra8+ Nc8 62. Raa2 Nd6 63. Re6 Kf7 64. Rae2 Rb6 1/2-1/2

[Event "Commonwealth-ch"]
[Site "Chennai"]
[Date "2012.11.25"]
[Round "5"]
[White "Neelotpal, Das"]
[Black "Purushothaman, Thirumalai"]
[Result "1/2-1/2"]
[WhiteElo "2467"]
[BlackElo "2286"]
[PlyCount "51"]
[EventDate "2012.11.23"]
[EventType "swiss"]
[EventRounds "11"]
[EventCountry "IND"]
[SourceTitle "CBM 151 Extra"]
[Source "ChessBase"]
[SourceDate "2012.12.18"]
[SourceVersion "1"]
[SourceVersionDate "2012.12.18"]
[SourceQuality "1"]

1. d4 Nf6 2. c4 g6 3. Nc3 d5 4. cxd5 Nxd5 5. g3 Bg7 6. Bg2 Nxc3 7. bxc3 c5 8. e3 0-0 9. Ne2 cxd4 10. cxd4 e5 11. 0-0 exd4 12. Nxd4 Nc6 13. Ba3 Nxd4 14. Bxf8 Ne2+ 15. Qxe2 Bxa1 16. Rxa1 Qxf8 17. Rd1 Rb8 18. Bd5 Qe7 19. Rd4 Bf5 20. Qd2 b6 21. h4 h5 22. Bb3 Rc8 23. Kh2 Be6 24. Re4 Rc6 25. Bxe6 Rxe6 26. Rd4 1/2-1/2

[Event "Commonwealth-ch"]
[Site "Chennai"]
[Date "2012.11.25"]
[Round "4"]
[White "Purushothaman, Thirumalai"]
[Black "Sundararajan, Kidambi"]
[Result "1/2-1/2"]
[WhiteElo "2286"]
[BlackElo "2434"]
[PlyCount "102"]
[EventDate "2012.11.23"]
[EventType "swiss"]
[EventRounds "11"]
[EventCountry "IND"]
[SourceTitle "CBM 151 Extra"]
[Source "ChessBase"]
[SourceDate "2012.12.18"]
[SourceVersion "1"]
[SourceVersionDate "2012.12.18"]
[SourceQuality "1"]

1. d4 e6 2. c4 Bb4+ 3. Bd2 Bxd2+ 4. Qxd2 f5 5. g4 fxg4 6. h3 g3 7. fxg3 Nf6 8. Bg2 0-0 9. g4 d5 10. Nc3 c5 11. dxc5 Ne4 12. Nxe4 Qh4+ 13. Kd1 dxe4 14. Bxe4 Rd8 15. Bd3 Nc6 16. Nf3 Qf2 17. Kc2 e5 18. Raf1 Qxc5 19. Ng5 Nb4+ 20. Kb1 Nxd3 21. exd3 Qxc4 22. dxc4 Rxd2 23. Rd1 Rd4 24. Rxd4 exd4 25. Rd1 Bd7 26. Rxd4 Bc6 27. Ne6 Re8 28. Rd8 Rxd8 29. Nxd8 Be4+ 30. Kc1 g5 31. Kd2 Kg7 32. Ke3 Bg2 33. Kf2 Bxh3 34. Kg3 Bf1 35. b3 b6 36. Nc6 a5 37. Ne5 Be2 38. Kf2 Bd1 39. Ke1 Bc2 40. Kd2 Bb1 41. a4 Be4 42. Nd7 Bf3 43. Nxb6 Kf6 44. Nd7+ Ke6 45. Nf8+ Ke5 46. Nxh7 Kf4 47. Nf6 Ke5 48. Nd7+ Kd6 49. Nf6 Ke5 50. Nh7 Kf4 51. Nf6 Ke5 1/2-1/2

[Event "Commonwealth-ch"]
[Site "Chennai"]
[Date "2012.11.24"]
[Round "3"]
[White "Harshal, Shahi"]
[Black "Purushothaman, Thirumalai"]
[Result "0-1"]
[WhiteElo "1910"]
[BlackElo "2286"]
[PlyCount "120"]
[EventDate "2012.11.23"]
[EventType "swiss"]
[EventRounds "11"]
[EventCountry "IND"]
[SourceTitle "CBM 151 Extra"]
[Source "ChessBase"]
[SourceDate "2012.12.18"]
[SourceVersion "1"]
[SourceVersionDate "2012.12.18"]
[SourceQuality "1"]

1. e4 c5 2. Nf3 g6 3. d4 Bg7 4. dxc5 Qa5+ 5. c3 Qxc5 6. Be3 Qc7 7. Na3 Nc6 8. Bd3 Nf6 9. h3 d5 10. exd5 Nxd5 11. Qd2 Nxe3 12. Qxe3 0-0 13. 0-0 Ne5 14. Nxe5 Qxe5 15. Qf3 Qf6 16. Qe3 Qe6 17. Qf3 Qb6 18. Qe2 Be6 19. Bc4 Bxc4 20. Nxc4 Qc5 21. Ne3 e6 22. Rfd1 b5 23. Rac1 Bh6 24. Rd4 Rad8 25. Rcd1 Rxd4 26. Rxd4 Qe5 27. Qd3 Bxe3 28. Qxe3 Qxe3 29. fxe3 Rc8 30. Rd7 a5 31. Ra7 a4 32. Kf2 Rc5 33. Ke2 h5 34. Ra5 h4 35. c4 Rxc4 36. Rxb5 Rc2+ 37. Kf3 Kg7 38. Rb4 g5 39. Rxa4 Rxb2 40. Ra5 f5 41. a4 Rb3 42. Kf2 Kf6 43. Ra8 Rb2+ 44. Kg1 Re2 45. a5 Rxe3 46. a6 Ra3 47. a7 Ke5 48. Kh2 Ra1 49. Rg8 Rxa7 50. Rxg5 Kf6 51. Rh5 Ra4 52. Rh6+ Ke5 53. Rh5 Rf4 54. Rh6 Kd5 55. Rh8 e5 56. g4 hxg3+ 57. Kxg3 Ra4 58. Rd8+ Ke4 59. Rf8 Ra3+ 60. Kh4 Kf4 0-1

[Event "Mumbai Mayors Cup 5th"]
[Site "Mumbai"]
[Date "2012.06.14"]
[Round "10"]
[White "Purushothaman, Thirumalai"]
[Black "Anwesh, Upadhyaya"]
[Result "1-0"]
[WhiteElo "2241"]
[BlackElo "2413"]
[PlyCount "75"]
[EventDate "2012.06.07"]
[EventType "swiss"]
[EventRounds "11"]
[EventCountry "IND"]
[SourceTitle "CBM 148 Extra"]
[Source "ChessBase"]
[SourceDate "2012.06.22"]
[SourceVersion "1"]
[SourceVersionDate "2012.06.22"]
[SourceQuality "1"]

1. g3 Nf6 2. Bg2 e5 3. c4 d5 4. cxd5 Nxd5 5. Nc3 Nb6 6. Nf3 Nc6 7. 0-0 Be7 8. d3 0-0 9. Ne4 f6 10. Bd2 Be6 11. Qc2 Qd7 12. Nc5 Bxc5 13. Qxc5 Bh3 14. Bxh3 Qxh3 15. b4 Qd7 16. Rfc1 Rf7 17. a4 Nd8 18. a5 Ne6 19. Qc2 Nc8 20. a6 b6 21. d4 Nd6 22. dxe5 Nb5 23. Be3 f5 24. Qc4 Rc8 25. Ng5 Re7 26. Rd1 Qe8 27. Rd5 c5 28. bxc5 h6 29. Nxe6 Rxe6 30. Rad1 Kh8 31. Rd7 f4 32. gxf4 Qg6+ 33. Kf1 Na3 34. Rd8+ Re8 35. Rxe8+ Rxe8 36. Qd3 Qh5 37. Ke1 Qxh2 38. Kd2 1-0

[Event "IND-ch Challengers 50th"]
[Site "Tirupati"]
[Date "2012.05.22"]
[Round "7.15"]
[White "Kamble, Vikramaditya"]
[Black "Purushothaman, Thirumalai"]
[Result "1-0"]
[WhiteElo "2455"]
[BlackElo "2241"]
[PlyCount "65"]
[EventDate "2012.05.18"]
[EventType "swiss"]
[EventRounds "13"]
[EventCountry "IND"]
[SourceTitle "CBM 148 Extra"]
[Source "ChessBase"]
[SourceDate "2012.06.22"]
[SourceVersion "1"]
[SourceVersionDate "2012.06.22"]
[SourceQuality "1"]

1. Nf3 d5 2. d4 Nf6 3. c4 c6 4. e3 Bf5 5. Nc3 e6 6. Nh4 Be4 7. f3 Bg6 8. Nxg6 hxg6 9. g3 Nbd7 10. a3 dxc4 11. Bxc4 a6 12. Ba2 Nb6 13. e4 c5 14. d5 exd5 15. e5 Nfd7 16. Nxd5 Nxe5 17. 0-0 c4 18. Re1 Bc5+ 19. Kg2 f6 20. Nxb6 Qxb6 21. Bxc4 Rd8 22. Qc2 Kf8 23. Be2 g5 24. b4 Bd4 25. Ra2 g6 26. f4 Kg7 27. fxe5 Rxh2+ 28. Kxh2 Bg1+ 29. Rxg1 Qf2+ 30. Kh3 Rh8+ 31. Kg4 Rh5 32. exf6+ Kh6 33. Qxg6+ 1-0

[Event "Mumbai Mayors Cup 2nd"]
[Site "Mumbai"]
[Date "2009.05.06"]
[Round "7"]
[White "Temirbayev, Serikbay"]
[Black "Purushothaman, Thirumalai"]
[Result "1-0"]
[WhiteElo "2458"]
[BlackElo "2241"]
[PlyCount "43"]
[EventDate "2009.05.01"]
[EventType "swiss"]
[EventRounds "11"]
[EventCountry "IND"]
[SourceTitle "CBM 130 Extra"]
[Source "ChessBase"]
[SourceDate "2009.07.02"]
[SourceVersion "2"]
[SourceVersionDate "2009.07.15"]
[SourceQuality "1"]

1. c4 Nf6 2. Nc3 d5 3. cxd5 Nxd5 4. g3 g6 5. Bg2 Nb6 6. d3 Bg7 7. Be3 Nc6 8. Nf3 e5 9. Bc5 Nd7 10. Ba3 Bf8 11. Bxf8 Kxf8 12. d4 exd4 13. Nxd4 Nxd4 14. Qxd4 Qf6 15. Qd2 Kg7 16. Nd5 Qd6 17. Qc3+ Nf6 18. Nxc7 Rb8 19. Rd1 Qb6 20. Nd5 Qa6 21. 0-0 b5 22. Qe5 1-0

[Event "Mumbai Mayors Cup 2nd"]
[Site "Mumbai"]
[Date "2009.05.01"]
[Round "11"]
[White "Himanshu, Sharma"]
[Black "Purushothaman, Thirumalai"]
[Result "1-0"]
[WhiteElo "2403"]
[BlackElo "2241"]
[PlyCount "135"]
[EventDate "2009.05.01"]
[EventType "swiss"]
[EventRounds "11"]
[EventCountry "IND"]
[SourceTitle "CBM 130 Extra"]
[Source "ChessBase"]
[SourceDate "2009.07.02"]
[SourceVersion "2"]
[SourceVersionDate "2009.07.15"]
[SourceQuality "1"]

1. e4 c5 2. Nc3 Nc6 3. g3 g6 4. d3 d6 5. Bg2 Bg7 6. f4 e6 7. Nf3 Nge7 8. 0-0 0-0 9. Be3 Nd4 10. Bf2 Nec6 11. e5 dxe5 12. Nxe5 Nxe5 13. fxe5 Bxe5 14. Ne4 f5 15. Nxc5 Qc7 16. b4 Nc6 17. d4 Rd8 18. c3 Bd6 19. Qb3 Bxc5 20. dxc5 Ne5 21. Rae1 Nf7 22. g4 f4 23. Rxe6 Bxe6 24. Qxe6 a5 25. b5 Re8 26. Qf6 Qe7 27. Qxf4 Rad8 28. Bd4 Ne5 29. g5 a4 30. h4 a3 31. Qe4 Qe6 32. Rf2 Ng4 33. Qxe6+ Rxe6 34. Rf1 Re7 35. Rb1 Ne5 36. Kh2 h6 37. Kg3 Nc4 38. Rb4 Ne3 39. Bf6 Nxg2 40. Bxe7 Rd2 41. c6 bxc6 42. bxc6 Ne3 43. Rb8+ Kf7 44. Bxa3 Nf5+ 45. Kf4 hxg5+ 46. hxg5 Rf2+ 47. Ke5 Re2+ 48. Kd5 Rxa2 49. Bc5 Ra5 50. c7 Ne7+ 51. Kc4 Ra6 52. Rf8+ Kg7 53. Bxe7 Rc6+ 54. Bc5 Rxc7 55. Rf6 Rd7 56. Bd6 Ra7 57. Kd4 Ra1 58. Be5 Kh7 59. Rf7+ Kg8 60. Rg7+ Kf8 61. Rxg6 Kf7 62. Rf6+ Kg8 63. g6 Rf1 64. Ra6 Rd1+ 65. Ke4 Re1+ 66. Kd5 Kf8 67. Ke6 Ke8 68. Ra8# 1-0

[Event "Gurgon op 1st"]
[Site "Gurgon"]
[Date "2009.01.27"]
[Round "8"]
[White "Purushothaman, Thirumalai"]
[Black "Saptarshi, Roy Chowdhury"]
[Result "1/2-1/2"]
[WhiteElo "2267"]
[BlackElo "2410"]
[PlyCount "75"]
[EventDate "2009.01.21"]
[EventType "swiss"]
[EventRounds "10"]
[EventCountry "IND"]
[SourceTitle "CBM 128 Extra"]
[Source "ChessBase"]
[SourceDate "2009.03.05"]
[SourceVersion "2"]
[SourceVersionDate "2009.03.25"]
[SourceQuality "1"]

1. d4 d5 2. c4 e6 3. Nc3 c6 4. Nf3 dxc4 5. a4 Bb4 6. e4 b5 7. Bg5 Ne7 8. Be2 Bb7 9. 0-0 a6 10. Qc2 Nd7 11. Rfd1 Bxc3 12. Qxc3 f6 13. Be3 c5 14. dxc5 Bxe4 15. Rd6 Qc7 16. axb5 axb5 17. Rxa8+ Bxa8 18. Qb4 Bd5 19. Qxb5 Nf5 20. Rxd5 exd5 21. c6 Nb8 22. Qxd5 Nxe3 23. Qe4+ Kd8 24. Qd4+ Kc8 25. Qxe3 Nxc6 26. Bxc4 Rd8 27. g3 Kb7 28. Qe4 g6 29. Bb5 Kb6 30. Qa4 Qb7 31. Bf1 Kc7 32. Qh4 Qb3 33. Qxf6 Rd1 34. Kg2 Qd5 35. Qf4+ Qd6 36. Qf7+ Qd7 37. Qg8 Kb6 38. Ne1 1/2-1/2

[Event "Gurgon op 1st"]
[Site "Gurgon"]
[Date "2009.01.22"]
[Round "3"]
[White "Purushothaman, Thirumalai"]
[Black "Murshed, Niaz"]
[Result "0-1"]
[WhiteElo "2267"]
[BlackElo "2429"]
[PlyCount "51"]
[EventDate "2009.01.21"]
[EventType "swiss"]
[EventRounds "10"]
[EventCountry "IND"]
[SourceTitle "CBM 128 Extra"]
[Source "ChessBase"]
[SourceDate "2009.03.05"]
[SourceVersion "2"]
[SourceVersionDate "2009.03.25"]
[SourceQuality "1"]

1. d4 g6 2. c4 Bg7 3. Nf3 d6 4. Nc3 Nd7 5. e4 e5 6. Be2 Ne7 7. dxe5 Nxe5 8. Nxe5 Bxe5 9. f4 Bg7 10. 0-0 0-0 11. f5 gxf5 12. exf5 Bxf5 13. Nd5 Nxd5 14. Rxf5 Ne7 15. Rh5 Ng6 16. Bg5 Qd7 17. Qd2 Rae8 18. Bf3 Ne5 19. Be4 f5 20. Bd5+ Kh8 21. Qf2 Ng4 22. Qh4 Bd4+ 23. Kf1 c6 24. Bf3 Qf7 25. Be2 Re4 26. Qe1 0-1

[Event "Asia-ch U20"]
[Site "Chennai"]
[Date "2008.12.11"]
[Round "6"]
[White "Gagare, Shardul"]
[Black "Purushothaman, Thirumalai"]
[Result "1/2-1/2"]
[WhiteElo "2092"]
[BlackElo "2295"]
[PlyCount "119"]
[EventDate "2008.12.05"]
[EventType "swiss"]
[EventRounds "9"]
[EventCountry "IND"]
[SourceTitle "CBM 127 Extra"]
[Source "ChessBase"]
[SourceDate "2009.01.08"]
[SourceVersion "2"]
[SourceVersionDate "2009.01.28"]
[SourceQuality "1"]

1. c4 Nf6 2. Nc3 g6 3. g3 Bg7 4. Bg2 0-0 5. Nf3 d5 6. cxd5 Nxd5 7. 0-0 Nc6 8. d4 Nb6 9. d5 Na5 10. e4 c6 11. dxc6 Nxc6 12. Qc2 Bg4 13. h3 Bxf3 14. Bxf3 Nd4 15. Qd1 Qc8 16. Bg4 f5 17. exf5 gxf5 18. Be3 e5 19. Bf3 f4 20. Bg4 Qc4 21. gxf4 Rad8 22. Bxd4 exd4 23. Ne4 Rxf4 24. Rc1 Qd5 25. Nc5 Rd6 26. Qe2 Rg6 27. Qe8+ Rf8 28. Qxg6 hxg6 29. Be6+ Kh7 30. Bxd5 Nxd5 31. Ne6 Rf6 32. Nxg7 Kxg7 33. Rc4 d3 34. Rd4 Nf4 35. Kh2 Kh6 36. Re1 Ne2 37. Rxd3 Rxf2+ 38. Kh1 Kh5 39. Re3 Nd4 40. Re5+ g5 41. R5e4 Nf5 42. Rg1 Nh4 43. Reg4 Rf5 44. R4g3 a5 45. b3 b5 46. a3 Rd5 47. Rf1 Ng6 48. Rf2 Nf4 49. Kh2 Rd1 50. Rc2 Kh4 51. Rg4+ Kh5 52. Rg1 Rd5 53. Rc8 Rd2+ 54. Kh1 Rd3 55. Rh8+ Kg6 56. Kh2 Rxb3 57. Rg3 Rb2+ 58. Kh1 Rb1+ 59. Kh2 Rb2+ 60. Kh1 1/2-1/2

[Event "Asia-ch U20"]
[Site "Chennai"]
[Date "2008.12.09"]
[Round "4"]
[White "Shyam, Sundar M"]
[Black "Purushothaman, Thirumalai"]
[Result "1-0"]
[WhiteElo "2402"]
[BlackElo "2295"]
[PlyCount "91"]
[EventDate "2008.12.05"]
[EventType "swiss"]
[EventRounds "9"]
[EventCountry "IND"]
[SourceTitle "CBM 127 Extra"]
[Source "ChessBase"]
[SourceDate "2009.01.08"]
[SourceVersion "2"]
[SourceVersionDate "2009.01.28"]
[SourceQuality "1"]

1. e4 c5 2. Nf3 g6 3. d4 Bg7 4. dxc5 Qa5+ 5. c3 Qxc5 6. Be3 Qc6 7. Nbd2 Nf6 8. Nd4 Qc7 9. Nb5 Qd8 10. Nxa7 0-0 11. Be2 d5 12. e5 Ne8 13. Nxc8 Qxc8 14. f4 Nc7 15. 0-0 Nc6 16. Nb3 b5 17. Bb6 Rd8 18. Nd4 Nxd4 19. cxd4 Rb8 20. Ba5 Qd7 21. Rc1 Rdc8 22. Qb3 Ne6 23. Rxc8+ Qxc8 24. Qxd5 Qa6 25. Bc3 Qb6 26. a3 Qa7 27. Qe4 Rd8 28. Rd1 Qa4 29. g3 Bf8 30. f5 Nc5 31. Qc6 Qc2 32. Qf3 Na4 33. fxg6 fxg6 34. Qd3 Qxd3 35. Bxd3 e6 36. Bxb5 Nxc3 37. bxc3 Bxa3 38. Bc4 Kf7 39. Rf1+ Kg7 40. Bxe6 Bb2 41. Rf7+ Kh6 42. Rc7 Rf8 43. Bf7 Bxc3 44. Rxc3 Rxf7 45. e6 Re7 46. d5 1-0

[Event "Commonwealth-ch"]
[Site "Nagpur"]
[Date "2008.09.29"]
[Round "2"]
[White "Purushothaman, Thirumalai"]
[Black "Chandika, Divyasree"]
[Result "1-0"]
[WhiteElo "2303"]
[BlackElo "2081"]
[PlyCount "57"]
[EventDate "2008.09.28"]
[EventType "swiss"]
[EventRounds "11"]
[EventCountry "IND"]
[SourceTitle "CBM 126 Extra"]
[Source "ChessBase"]
[SourceDate "2008.11.05"]
[SourceVersion "1"]
[SourceVersionDate "2008.11.05"]
[SourceQuality "1"]

1. d4 Nf6 2. c4 e6 3. Bg5 h6 4. Bh4 b6 5. a3 Bb7 6. Nc3 Be7 7. Nf3 d5 8. Qa4+ c6 9. cxd5 exd5 10. e3 0-0 11. Bg3 c5 12. Rd1 c4 13. e4 dxe4 14. Ne5 e3 15. fxe3 Nd5 16. Nxd5 Bxd5 17. Qc2 b5 18. e4 Bb7 19. Be2 Bh4 20. 0-0 Bxg3 21. hxg3 Qg5 22. Kh2 Qe7 23. a4 a6 24. Bh5 f6 25. Ng6 Qf7 26. e5 Rd8 27. exf6 gxf6 28. Rde1 Nc6 29. Ne7+ 1-0

[Event "Mumbai Mayors Cup 1st"]
[Site "Mumbai"]
[Date "2008.05.15"]
[Round "7"]
[White "Purushothaman, Thirumalai"]
[Black "Tejas, Ravichandran"]
[Result "1-0"]
[WhiteElo "2290"]
[BlackElo "2044"]
[PlyCount "44"]
[EventDate "2008.05.11"]
[EventType "swiss"]
[EventRounds "11"]
[EventCountry "IND"]
[SourceTitle "CBM 124 Extra"]
[Source "ChessBase"]
[SourceDate "2008.07.03"]
[SourceVersion "1"]
[SourceVersionDate "2008.07.03"]
[SourceQuality "1"]

1. d4 Nf6 2. c4 e6 3. Nc3 Bb4 4. Nf3 Ne4 5. Qc2 f5 6. Nd2 Nxd2 7. Bxd2 0-0 8. 0-0-0 c5 9. d5 e5 10. h4 d6 11. h5 a6 12. h6 g6 13. f4 exf4 14. Bxf4 Qf6 15. Bd2 Nd7 16. a3 Ba5 17. Kb1 Ne5 18. e3 Bd7 19. Be2 Bxc3 20. Bxc3 b5 21. Rdf1 Qe7 22. Ka1 Rae8 1-0

[Event "Mumbai Mayors Cup 1st"]
[Site "Mumbai"]
[Date "2008.05.12"]
[Round "3"]
[White "Purushothaman, Thirumalai"]
[Black "Ubilava, Elizbar"]
[Result "1-0"]
[WhiteElo "2290"]
[BlackElo "2558"]
[PlyCount "25"]
[EventDate "2008.05.11"]
[EventType "swiss"]
[EventRounds "11"]
[EventCountry "IND"]
[SourceTitle "CBM 124 Extra"]
[Source "ChessBase"]
[SourceDate "2008.07.03"]
[SourceVersion "1"]
[SourceVersionDate "2008.07.03"]
[SourceQuality "1"]

1. d4 Nf6 2. c4 e6 3. Nc3 Bb4 4. Nf3 b6 5. Bg5 Bb7 6. Nd2 h6 7. Bh4 Nc6 8. e3 Bxc3 9. bxc3 Qe7 10. Be2 g5 11. Bg3 d6 12. Qc2 0-0-0 13. Nb3 1-0

[Event "Asia-ch U20"]
[Site "New Delhi"]
[Date "2006.11.09"]
[Round "3.10"]
[White "Purushothaman, Thirumalai"]
[Black "Gupta, Deepsen"]
[Result "0-1"]
[WhiteElo "2240"]
[BlackElo "2420"]
[PlyCount "48"]
[EventDate "2006.11.07"]
[EventType "swiss"]
[EventRounds "9"]
[EventCountry "IND"]
[SourceTitle "CBM 115 Extra"]
[Source "ChessBase"]
[SourceDate "2007.01.10"]
[SourceVersion "1"]
[SourceVersionDate "2007.01.10"]
[SourceQuality "1"]

1. d4 b6 2. e4 Bb7 3. Bd3 e6 4. c4 f5 5. exf5 Bb4+ 6. Kf1 Nf6 7. c5 bxc5 8. a3 c4 9. Bxc4 Be7 10. Nc3 0-0 11. Nf3 Ne4 12. d5 Nd6 13. Bb3 Na6 14. dxe6 Nc5 15. exd7+ Nxb3 16. Qxb3+ Kh8 17. Be3 Rb8 18. Qa4 Nxf5 19. Bxa7 Ra8 20. Re1 Bxf3 21. gxf3 c6 22. Qxc6 Rxa7 23. Rd1 Rc7 24. Qa4 Bd6 0-1